[Event "The Blackthorne Irish Championship 2019"]
[Site "Talbot Stillorgan Hotel, Dublin, Ireland"]
[Date "2019.08.08"]
[Round "6"]
[Board "9"]
[White "O'Connor, Jonathan"]
[Black "Carroll, Peter"]
[Result "0-1"]
[WhiteElo "2165"]
[BlackElo "2062"]
[PlyCount "0"]
[EventDate "2019.08.03"]
[EventRounds "9"]
[EventCountry "IRL"]

1. d4 {[%clk 01:45:57]} {[%emt 00:00:02]} Nf6 {[%clk 01:43:53]} {[%emt
00:02:07]} 2. Nf3 {[%clk 01:45:56]} {[%emt 00:00:31]} g6 {[%clk 01:44:07]}
{[%emt 00:00:15]} 3. c4 {[%clk 01:46:21]} {[%emt 00:00:06]} Bg7 {[%clk
01:44:31]} {[%emt 00:00:05]} 4. Nc3 {[%clk 01:46:49]} {[%emt 00:00:04]} O-O
{[%clk 01:44:52]} {[%emt 00:00:07]} 5. e4 {[%clk 01:47:16]} {[%emt 00:00:03]}
d6 {[%clk 01:45:18]} {[%emt 00:00:05]} 6. Be2 {[%clk 01:47:41]} {[%emt
00:00:05]} e5 {[%clk 01:45:43]} {[%emt 00:00:05]} 7. O-O {[%clk 01:48:04]}
{[%emt 00:00:07]} Nc6 {[%clk 01:45:37]} {[%emt 00:00:37]} 8. d5 {[%clk
01:48:08]} {[%emt 00:00:26]} Ne7 {[%clk 01:46:02]} {[%emt 00:00:04]} 9. Ne1
{[%clk 01:48:28]} {[%emt 00:00:10]} Nd7 {[%clk 01:46:29]} {[%emt 00:00:02]} 10.
Be3 {[%clk 01:48:46]} {[%emt 00:00:13]} f5 {[%clk 01:46:53]} {[%emt 00:00:06]}
11. f3 {[%clk 01:49:11]} {[%emt 00:00:05]} f4 {[%clk 01:47:21]} {[%emt
00:00:02]} 12. Bf2 {[%clk 01:49:37]} {[%emt 00:00:04]} g5 {[%clk 01:47:49]}
{[%emt 00:00:03]} 13. Rc1 {[%clk 01:49:53]} {[%emt 00:00:14]} Ng6 {[%clk
01:45:18]} {[%emt 00:03:01]} 14. c5 {[%clk 01:50:09]} {[%emt 00:00:14]} Nxc5
{[%clk 01:41:09]} {[%emt 00:04:39]} 15. b4 {[%clk 01:45:33]} {[%emt 00:05:06]}
Na6 {[%clk 01:41:12]} {[%emt 00:00:28]} 16. Nd3 {[%clk 01:44:54]} {[%emt
00:01:08]} b6 {[%clk 01:36:51]} {[%emt 00:04:51]} 17. Nb5 {[%clk 01:45:08]}
{[%emt 00:00:16]} Rf7 {[%clk 01:35:18]} {[%emt 00:02:02]} 18. Be1 {[%clk
01:35:47]} {[%emt 00:09:52]} h5 {[%clk 01:34:00]} {[%emt 00:01:48]} 19. Nf2
{[%clk 01:32:49]} {[%emt 00:03:28]} Bh6 {[%clk 01:32:23]} {[%emt 00:02:07]} 20.
Rc4 {[%clk 01:20:55]} {[%emt 00:12:24]} Nh4 {[%clk 01:28:51]} {[%emt 00:04:02]}
21. h3 {[%clk 01:11:12]} {[%emt 00:10:12]} Rg7 {[%clk 01:22:40]} {[%emt
00:06:42]} 22. Qb3 {[%clk 01:05:07]} {[%emt 00:06:35]} Kh8 {[%clk 01:08:33]}
{[%emt 00:14:36]} 23. Qc3 {[%clk 01:01:14]} {[%emt 00:04:24]} c5 {[%clk
00:49:44]} {[%emt 00:19:19]} 24. dxc6 {[%clk 01:00:00]} {[%emt 00:01:44]} Nc7
{[%clk 00:50:00]} {[%emt 00:00:14]} 25. Nxc7 {[%clk 00:59:40]} {[%emt
00:00:51]} Qxc7 {[%clk 00:50:19]} {[%emt 00:00:10]} 26. b5 {[%clk 00:54:08]}
{[%emt 00:06:02]} a5 {[%clk 00:46:10]} {[%emt 00:04:39]} 27. Qd3 {[%clk
00:50:05]} {[%emt 00:04:33]} Be6 {[%clk 00:44:46]} {[%emt 00:01:55]} 28. Rc2
{[%clk 00:50:20]} {[%emt 00:00:14]} Rg6 {[%clk 00:44:31]} {[%emt 00:00:45]} 29.
Nd1 {[%clk 00:31:43]} {[%emt 00:19:07]} Rag8 {[%clk 00:40:13]} {[%emt
00:04:48]} 30. Nc3 {[%clk 00:27:13]} {[%emt 00:05:01]} Nxg2 {[%clk 00:38:32]}
{[%emt 00:02:10]} 31. Kxg2 {[%clk 00:23:00]} {[%emt 00:04:44]} g4 {[%clk
00:37:35]} {[%emt 00:01:26]} 32. hxg4 {[%clk 00:20:00]} {[%emt 00:03:30]} hxg4
{[%clk 00:37:33]} {[%emt 00:00:32]} 33. Rh1 {[%clk 00:15:31]} {[%emt 00:04:59]}
gxf3+ {[%clk 00:36:58]} {[%emt 00:01:05]} 34. Kxf3 {[%clk 00:15:47]} {[%emt
00:00:13]} Rg3+ {[%clk 00:35:26]} {[%emt 00:02:04]} 35. Bxg3 {[%clk 00:16:06]}
{[%emt 00:00:10]} Rxg3+ {[%clk 00:35:40]} {[%emt 00:00:16]} 36. Kf2 {[%clk
00:16:28]} {[%emt 00:00:08]} Qg7 {[%clk 00:28:12]} {[%emt 00:07:58]} 37. Qxd6
{[%clk 00:07:01]} {[%emt 00:09:57]} Rg2+ {[%clk 00:27:50]} {[%emt 00:00:52]} 38.
Ke1 {[%clk 00:05:27]} {[%emt 00:02:05]} Qg3+ {[%clk 00:26:53]} {[%emt
00:01:27]} 39. Kd1 {[%clk 00:04:00]} {[%emt 00:01:58]} Rg1+ {[%clk 00:26:08]}
{[%emt 00:01:14]} 40. Bf1 {[%clk 00:03:28]} {[%emt 00:01:02]} Rxh1 {[%clk
00:25:25]} {[%emt 00:01:14]} 41. Kc1 {[%clk 00:27:47]} {[%emt 00:06:11]} Rxf1+
{[%clk 00:53:39]} {[%emt 00:02:15]} 42. Kb2 {[%clk 00:28:11]} {[%emt 00:00:07]}
Qh3 {[%clk 00:38:35]} {[%emt 00:15:34]} 43. Nd5 {[%clk 00:22:47]} {[%emt
00:05:54]} Bxd5 {[%clk 00:36:43]} {[%emt 00:02:22]} 44. Qxd5 {[%clk 00:20:29]}
{[%emt 00:02:48]} Bf8 {[%clk 00:34:20]} {[%emt 00:02:52]} 45. Rc3 {[%clk
00:10:30]} {[%emt 00:10:30]} Ba3+ {[%clk 00:34:01]} {[%emt 00:00:48]}  0-1

[Event "The Blackthorne Irish Championship 2019"]
[Site "Talbot Stillorgan Hotel, Dublin, Ireland"]
[Date "2019.08.08"]
[Round "6"]
[Board "10"]
[White "Mirza, Diana"]
[Black "Murray, David"]
[Result "0-1"]
[WhiteElo "1973"]
[BlackElo "2126"]
[PlyCount "0"]
[EventDate "2019.08.03"]
[EventRounds "9"]
[EventCountry "IRL"]

1. e4 {[%clk 01:45:08]} {[%emt 00:00:51]} c5 {[%clk 01:45:53]} {[%emt
00:00:08]} 2. c4 {[%clk 01:45:08]} {[%emt 00:00:30]} Nc6 {[%clk 01:45:35]}
{[%emt 00:00:48]} 3. Nc3 {[%clk 01:45:28]} {[%emt 00:00:10]} g6 {[%clk
01:45:26]} {[%emt 00:00:39]} 4. g3 {[%clk 01:45:38]} {[%emt 00:00:20]} Bg7
{[%clk 01:45:48]} {[%emt 00:00:08]} 5. Bg2 {[%clk 01:45:57]} {[%emt 00:00:11]}
e6 {[%clk 01:44:01]} {[%emt 00:02:18]} 6. Nge2 {[%clk 01:46:05]} {[%emt
00:00:21]} Nge7 {[%clk 01:43:42]} {[%emt 00:00:49]} 7. O-O {[%clk 01:46:13]}
{[%emt 00:00:21]} O-O {[%clk 01:43:30]} {[%emt 00:00:43]} 8. d3 {[%clk
01:46:25]} {[%emt 00:00:17]} a6 {[%clk 01:41:19]} {[%emt 00:02:42]} 9. Be3
{[%clk 01:46:02]} {[%emt 00:00:52]} Nd4 {[%clk 01:40:29]} {[%emt 00:01:21]} 10.
f4 {[%clk 01:44:55]} {[%emt 00:01:36]} Rb8 {[%clk 01:39:12]} {[%emt 00:01:48]}
11. a4 {[%clk 01:43:07]} {[%emt 00:02:18]} Nec6 {[%clk 01:38:19]} {[%emt
00:01:23]} 12. e5 {[%clk 01:35:50]} {[%emt 00:07:46]} d6 {[%clk 01:35:23]}
{[%emt 00:03:27]} 13. Ne4 {[%clk 01:34:35]} {[%emt 00:01:45]} dxe5 {[%clk
01:31:02]} {[%emt 00:04:52]} 14. Nxc5 {[%clk 01:34:02]} {[%emt 00:01:02]} Nf5
{[%clk 01:22:30]} {[%emt 00:09:02]} 15. Bc1 {[%clk 01:31:37]} {[%emt 00:02:54]}
Qb6 {[%clk 01:19:31]} {[%emt 00:03:31]}  0-1

[Event "The Blackthorne Irish Championship 2019"]
[Site "Talbot Stillorgan Hotel, Dublin, Ireland"]
[Date "2019.08.08"]
[Round "6"]
[Board "11"]
[White "O'Connell, Gerard"]
[Black "Melaugh, Gavin"]
[Result "1/2-1/2"]
[WhiteElo "2106"]
[BlackElo "2025"]
[PlyCount "0"]
[EventDate "2019.08.03"]
[EventRounds "9"]
[EventCountry "IRL"]

1. d4 {[%clk 01:45:57]} {[%emt 00:00:02]} e6 {[%clk 01:43:56]} {[%emt
00:02:04]} 2. c4 {[%clk 01:46:16]} {[%emt 00:00:11]} f5 {[%clk 01:44:08]}
{[%emt 00:00:18]} 3. Nf3 {[%clk 01:46:40]} {[%emt 00:00:06]} Nf6 {[%clk
01:44:32]} {[%emt 00:00:06]} 4. g3 {[%clk 01:47:00]} {[%emt 00:00:10]} Bb4+
{[%clk 01:41:38]} {[%emt 00:03:24]} 5. Bd2 {[%clk 01:46:07]} {[%emt 00:01:23]}
Bxd2+ {[%clk 01:41:39]} {[%emt 00:00:30]} 6. Nbxd2 {[%clk 01:46:21]} {[%emt
00:00:15]} O-O {[%clk 01:41:58]} {[%emt 00:00:10]} 7. Bg2 {[%clk 01:46:44]}
{[%emt 00:00:07]} d6 {[%clk 01:42:04]} {[%emt 00:00:25]} 8. O-O {[%clk
01:47:02]} {[%emt 00:00:11]} Nc6 {[%clk 01:39:19]} {[%emt 00:03:14]} 9. Qb3
{[%clk 01:31:13]} {[%emt 00:16:20]} a5 {[%clk 01:32:38]} {[%emt 00:07:11]} 10.
d5 {[%clk 01:16:31]} {[%emt 00:15:12]} a4 {[%clk 01:26:08]} {[%emt 00:07:00]}
11. Qd3 {[%clk 01:13:12]} {[%emt 00:03:48]} exd5 {[%clk 01:16:29]} {[%emt
00:10:09]} 12. cxd5 {[%clk 01:06:30]} {[%emt 00:07:13]} Nb4 {[%clk 01:15:06]}
{[%emt 00:01:53]} 13. Qc4 {[%clk 01:04:56]} {[%emt 00:02:04]} Nbxd5 {[%clk
01:14:04]} {[%emt 00:01:33]} 14. Ng5 {[%clk 01:04:49]} {[%emt 00:00:36]} c6
{[%clk 01:13:56]} {[%emt 00:00:38]} 15. e4 {[%clk 01:04:55]} {[%emt 00:00:23]}
Nxe4 {[%clk 01:09:39]} {[%emt 00:04:48]} 16. Ngxe4 {[%clk 01:02:08]} {[%emt
00:03:17]} fxe4 {[%clk 01:10:04]} {[%emt 00:00:06]} 17. Bxe4 {[%clk 01:02:09]}
{[%emt 00:00:29]} Be6 {[%clk 01:08:14]} {[%emt 00:02:19]} 18. Rae1 {[%clk
00:59:12]} {[%emt 00:03:27]} Qg5 {[%clk 00:49:31]} {[%emt 00:19:13]} 19. Nf3
{[%clk 00:54:54]} {[%emt 00:04:47]} Qh5 {[%clk 00:39:29]} {[%emt 00:10:33]} 20.
Nd4 {[%clk 00:50:57]} {[%emt 00:04:27]} Bf7 {[%clk 00:33:46]} {[%emt 00:06:13]}
21. Nf5 {[%clk 00:36:24]} {[%emt 00:15:02]} Ne3 {[%clk 00:29:21]} {[%emt
00:04:56]} 22. Qd3 {[%clk 00:34:30]} {[%emt 00:02:23]} Nxf1 {[%clk 00:26:16]}
{[%emt 00:03:36]} 23. Kxf1 {[%clk 00:30:29]} {[%emt 00:04:31]} Bxa2 {[%clk
00:18:55]} {[%emt 00:07:51]} 24. Ne7+ {[%clk 00:28:05]} {[%emt 00:02:53]} Kh8
{[%clk 00:18:21]} {[%emt 00:01:04]} 25. Bxh7 {[%clk 00:27:51]} {[%emt
00:00:44]} Bc4 {[%clk 00:02:16]} {[%emt 00:16:36]} 26. Qxc4 {[%clk 00:23:17]}
{[%emt 00:05:04]} Qxh7 {[%clk 00:02:45]} {[%emt 00:00:01]} 27. Qg4 {[%clk
00:07:54]} {[%emt 00:15:52]} Rf6 {[%clk 00:02:35]} {[%emt 00:00:41]} 28. h4
{[%clk 00:08:05]} {[%emt 00:00:19]} Raf8 {[%clk 00:01:52]} {[%emt 00:01:13]} 29.
f4 {[%clk 00:06:56]} {[%emt 00:01:38]} Qd3+ {[%clk 00:00:52]} {[%emt 00:01:31]}
30. Kg2 {[%clk 00:05:16]} {[%emt 00:02:09]} Qh7 {[%clk 00:00:38]} {[%emt
00:00:44]} 31. h5 {[%clk 00:05:20]} {[%emt 00:00:26]} Rd8 {[%clk 00:00:37]}
{[%emt 00:00:32]} 32. Ng6+ {[%clk 00:03:00]} {[%emt 00:02:50]} Kg8 {[%clk
00:01:06]} {[%emt 00:00:01]} 33. Re7 {[%clk 00:02:29]} {[%emt 00:00:59]} d5
{[%clk 00:00:50]} {[%emt 00:00:47]} 34. Qe2 {[%clk 00:01:50]} {[%emt 00:01:10]}
Rdf8 {[%clk 00:00:33]} {[%emt 00:00:47]} 35. Nxf8 {[%clk 00:00:57]} {[%emt
00:01:22]} Rxf8 {[%clk 00:01:02]} 36. Rxb7 {[%clk 00:01:15]} {[%emt 00:00:13]}
Qf5 {[%clk 00:00:40]} {[%emt 00:00:53]} 37. Qe7 {[%clk 00:00:58]} {[%emt
00:00:47]} Qc2+ {[%clk 00:00:34]} {[%emt 00:00:36]} 38. Kh3 {[%clk 00:01:12]}
{[%emt 00:00:15]} Qf5+ {[%clk 00:00:43]} {[%emt 00:00:22]} 39. g4 {[%clk
00:01:16]} {[%emt 00:00:27]} Qf6 {[%clk 00:00:35]} {[%emt 00:00:37]} 40. Qd7
{[%clk 00:01:20]} {[%emt 00:00:26]} Rf7 {[%clk 00:00:34]} {[%emt 00:00:31]} 41.
Qe8+ {[%clk 00:00:40]} {[%emt 00:01:09]} Rf8 {[%clk 00:30:19]} {[%emt
00:00:45]} 42. Qd7 {[%clk 00:28:48]} {[%emt 00:02:23]} a3 {[%clk 00:17:03]}
{[%emt 00:13:46]} 43. bxa3 {[%clk 00:28:29]} {[%emt 00:00:49]} Qc3+ {[%clk
00:15:33]} {[%emt 00:02:00]} 44. Kh4 {[%clk 00:28:32]} {[%emt 00:00:27]} Qf6+
{[%clk 00:15:42]} {[%emt 00:00:21]} 45. Kh3 {[%clk 00:28:55]} {[%emt 00:00:07]}
Qc3+ {[%clk 00:16:09]} {[%emt 00:00:04]}  1/2-1/2

[Event "The Blackthorne Irish Championship 2019"]
[Site "Talbot Stillorgan Hotel, Dublin, Ireland"]
[Date "2019.08.08"]
[Round "6"]
[Board "19"]
[White "Cafolla, Peter"]
[Black "O'Gorman, Alice"]
[Result "1/2-1/2"]
[WhiteElo "1975"]
[BlackElo "1966"]
[PlyCount "0"]
[EventDate "2019.08.03"]
[EventRounds "9"]
[EventCountry "IRL"]

1. e4 {[%clk 01:45:58]} {[%emt 00:00:02]} e5 {[%clk 01:45:58]} {[%emt
00:00:03]} 2. Nc3 {[%clk 01:46:21]} {[%emt 00:00:08]} Nf6 {[%clk 01:46:25]}
{[%emt 00:00:03]} 3. Bc4 {[%clk 01:46:41]} {[%emt 00:00:09]} Nxe4 {[%clk
01:46:49]} {[%emt 00:00:06]} 4. Qh5 {[%clk 01:47:00]} {[%emt 00:00:11]} Nd6
{[%clk 01:47:14]} {[%emt 00:00:05]} 5. Qxe5+ {[%clk 01:47:23]} {[%emt
00:00:06]} Qe7 {[%clk 01:47:39]} {[%emt 00:00:04]} 6. Qxe7+ {[%clk 01:47:31]}
{[%emt 00:00:24]} Bxe7 {[%clk 01:48:04]} {[%emt 00:00:04]} 7. Bb3 {[%clk
01:47:40]} {[%emt 00:00:21]} Nf5 {[%clk 01:48:10]} {[%emt 00:00:24]} 8. Nf3
{[%clk 01:47:56]} {[%emt 00:00:14]} c6 {[%clk 01:47:17]} {[%emt 00:01:24]} 9.
d4 {[%clk 01:47:12]} {[%emt 00:01:14]} d5 {[%clk 01:46:34]} {[%emt 00:01:12]}
10. Bf4 {[%clk 01:45:28]} {[%emt 00:02:13]} Bd6 {[%clk 01:44:53]} {[%emt
00:02:12]} 11. Bxd6 {[%clk 01:42:55]} {[%emt 00:03:04]} Nxd6 {[%clk 01:45:17]}
{[%emt 00:00:05]} 12. O-O-O {[%clk 01:42:08]} {[%emt 00:01:17]} O-O {[%clk
01:45:10]} {[%emt 00:00:38]} 13. Rhe1 {[%clk 01:41:31]} {[%emt 00:01:07]} h6
{[%clk 01:40:46]} {[%emt 00:04:54]} 14. h3 {[%clk 01:41:02]} {[%emt 00:00:59]}
Nd7 {[%clk 01:38:21]} {[%emt 00:02:55]} 15. Ne5 {[%clk 01:34:06]} {[%emt
00:07:26]} Nxe5 {[%clk 01:32:00]} {[%emt 00:06:52]} 16. dxe5 {[%clk 01:34:30]}
{[%emt 00:00:06]} Ne8 {[%clk 01:31:36]} {[%emt 00:00:54]} 17. Ne2 {[%clk
01:29:47]} {[%emt 00:05:13]} Nc7 {[%clk 01:26:41]} {[%emt 00:05:24]} 18. Nf4
{[%clk 01:24:16]} {[%emt 00:06:00]} Ne6 {[%clk 01:17:53]} {[%emt 00:09:19]} 19.
Nd3 {[%clk 01:24:35]} {[%emt 00:00:10]} f6 {[%clk 01:15:55]} {[%emt 00:02:28]}
20. c4 {[%clk 01:18:33]} {[%emt 00:06:32]} Nd4 {[%clk 01:05:34]} {[%emt
00:10:52]} 21. cxd5 {[%clk 01:16:51]} {[%emt 00:02:11]} Nxb3+ {[%clk 01:02:38]}
{[%emt 00:03:26]} 22. axb3 {[%clk 01:16:56]} {[%emt 00:00:25]} cxd5 {[%clk
01:01:57]} {[%emt 00:01:11]} 23. exf6 {[%clk 01:16:41]} {[%emt 00:00:45]} Rxf6
{[%clk 00:56:31]} {[%emt 00:05:55]} 24. Re8+ {[%emt 00:01:59]} Rf8 {[%clk
00:56:00]} 25. Rxf8+ {[%clk 01:16:22]} {[%emt 00:00:23]} Kxf8 {[%clk 00:56:28]}
{[%emt 00:00:01]} 26. Nf4 {[%clk 01:16:16]} {[%emt 00:00:35]} Bf5 {[%clk
00:52:44]} {[%emt 00:04:14]} 27. Nxd5 {[%clk 01:15:54]} {[%emt 00:00:52]} b5
{[%clk 00:47:06]} {[%emt 00:06:09]} 28. Ne3 {[%clk 01:11:48]} {[%emt 00:04:36]}
Bg6 {[%clk 00:43:42]} {[%emt 00:03:55]} 29. Rd5 {[%clk 01:10:26]} {[%emt
00:01:52]} a6 {[%clk 00:41:42]} {[%emt 00:02:30]} 30. b4 {[%clk 01:09:11]}
{[%emt 00:01:44]} Ke7 {[%clk 00:40:40]} {[%emt 00:01:32]} 31. Kd2 {[%clk
01:08:31]} {[%emt 00:01:10]} Rf8 {[%clk 00:38:22]} {[%emt 00:02:48]} 32. Ke2
{[%clk 01:07:01]} {[%emt 00:02:00]} Ke6 {[%clk 00:35:47]} {[%emt 00:03:05]} 33.
Rd4 {[%clk 01:03:13]} {[%emt 00:04:18]} Rf7 {[%clk 00:31:13]} {[%emt 00:05:03]}
34. f4 {[%clk 01:02:37]} {[%emt 00:01:07]} Rc7 {[%clk 00:28:03]} {[%emt
00:03:39]} 35. g4 {[%clk 01:02:27]} {[%emt 00:00:40]} Bb1 {[%clk 00:25:15]}
{[%emt 00:03:19]} 36. Kd2 {[%clk 00:58:42]} {[%emt 00:04:15]} g6 {[%clk
00:19:58]} {[%emt 00:05:46]} 37. Rd8 {[%clk 00:56:32]} {[%emt 00:02:40]} Rf7
{[%clk 00:16:35]} {[%emt 00:03:54]} 38. Rd4 {[%clk 00:54:38]} {[%emt 00:02:24]}
Rc7 {[%clk 00:16:37]} {[%emt 00:00:28]} 39. h4 {[%clk 00:53:03]} {[%emt
00:02:05]} Rc8 {[%clk 00:14:07]} {[%emt 00:02:59]} 40. Rd5 {[%clk 00:46:36]}
{[%emt 00:06:56]} Rf8 {[%clk 00:04:54]} {[%emt 00:09:44]} 41. Rd4 {[%clk
00:38:17]} {[%emt 00:08:50]} Rc8 {[%clk 00:04:04]} {[%emt 00:01:19]} 42. Ke1
{[%clk 00:37:28]} {[%emt 00:01:20]} Rc7 {[%clk 00:01:42]} {[%emt 00:02:52]} 43.
Kf2 {[%clk 00:35:18]} {[%emt 00:02:40]} Rc6 {[%clk 00:28:46]} {[%emt 00:03:26]}
44. Kf3 {[%clk 00:59:32]} {[%emt 00:06:16]} Ba2 {[%clk 00:22:00]} {[%emt
00:07:17]} 45. Rd8 {[%clk 00:59:18]} {[%emt 00:00:44]} Kf6 {[%clk 00:20:47]}
{[%emt 00:01:43]} 46. Rd7 {[%clk 00:58:02]} {[%emt 00:01:46]} Bg8 {[%clk
00:19:13]} {[%emt 00:02:04]} 47. Rd8 {[%clk 00:55:26]} {[%emt 00:03:07]} Ba2
{[%clk 00:19:17]} {[%emt 00:00:25]} 48. Rh8 {[%clk 00:52:53]} {[%emt 00:03:02]}
Kg7 {[%clk 00:19:31]} {[%emt 00:00:17]} 49. Rd8 {[%clk 00:52:35]} {[%emt
00:00:48]}  1/2-1/2

[Event "The Blackthorne Irish Championship 2019"]
[Site "Talbot Stillorgan Hotel, Dublin, Ireland"]
[Date "2019.08.09"]
[Round "7"]
[Board "1"]
[White "Murphy, Conor E."]
[Black "Astaneh Lopez, Alex"]
[Result "1-0"]
[WhiteElo "2315"]
[BlackElo "2431"]
[PlyCount "0"]
[EventDate "2019.08.03"]
[EventRounds "9"]
[EventCountry "IRL"]

1. e4 {[%clk 01:45:57]} {[%emt 00:00:02]} c6 {[%clk 01:45:10]} {[%emt
00:00:51]} 2. d4 {[%clk 01:46:20]} {[%emt 00:00:05]} d5 {[%clk 01:45:37]}
{[%emt 00:00:03]} 3. e5 {[%clk 01:46:30]} {[%emt 00:00:20]} Bf5 {[%clk
01:46:02]} {[%emt 00:00:06]} 4. Nd2 {[%clk 01:46:51]} {[%emt 00:00:09]} e6
{[%clk 01:45:20]} {[%emt 00:01:12]} 5. Nb3 {[%clk 01:46:58]} {[%emt 00:00:22]}
Nd7 {[%clk 01:43:01]} {[%emt 00:02:50]} 6. Nf3 {[%clk 01:46:57]} {[%emt
00:00:30]} h6 {[%clk 01:43:19]} {[%emt 00:00:13]} 7. a4 {[%clk 01:45:22]}
{[%emt 00:02:05]} Ne7 {[%clk 01:36:42]} {[%emt 00:07:07]} 8. a5 {[%clk
01:41:05]} {[%emt 00:04:47]} a6 {[%clk 01:34:05]} {[%emt 00:03:09]} 9. c3
{[%clk 01:35:30]} {[%emt 00:06:05]} g5 {[%clk 01:24:27]} {[%emt 00:10:08]} 10.
Be2 {[%clk 01:33:37]} {[%emt 00:02:22]} Ng6 {[%clk 01:17:55]} {[%emt 00:07:03]}
11. O-O {[%clk 01:31:36]} {[%emt 00:02:30]} f6 {[%clk 01:13:19]} {[%emt
00:05:07]} 12. Ne1 {[%clk 01:24:03]} {[%emt 00:08:02]} Nf4 {[%clk 01:09:05]}
{[%emt 00:04:45]} 13. Bxf4 {[%clk 01:19:52]} {[%emt 00:04:41]} gxf4 {[%clk
01:09:30]} {[%emt 00:00:05]} 14. Bd3 {[%clk 01:06:53]} {[%emt 00:13:30]} Qe7
{[%clk 01:03:17]} {[%emt 00:06:43]} 15. Bxf5 {[%clk 01:03:11]} {[%emt
00:04:12]} exf5 {[%clk 01:03:43]} {[%emt 00:00:05]} 16. Nd3 {[%clk 00:56:28]}
{[%emt 00:07:12]} fxe5 {[%clk 01:03:17]} {[%emt 00:00:56]} 17. Nxf4 {[%clk
00:55:58]} {[%emt 00:01:00]} Rg8 {[%clk 00:57:58]} {[%emt 00:05:49]} 18. Qh5+
{[%clk 00:53:50]} {[%emt 00:02:37]} Qf7 {[%clk 00:51:55]} {[%emt 00:06:34]} 19.
dxe5 {[%clk 00:53:46]} {[%emt 00:00:34]} Nxe5 {[%clk 00:51:25]} {[%emt
00:00:59]} 20. Rae1 {[%clk 00:43:38]} {[%emt 00:10:40]} Bd6 {[%clk 00:50:55]}
{[%emt 00:00:59]} 21. Rxe5+ {[%clk 00:42:23]} {[%emt 00:01:45]} Bxe5 {[%clk
00:51:21]} {[%emt 00:00:05]} 22. Re1 {[%clk 00:42:25]} {[%emt 00:00:27]} Qxh5
{[%clk 00:50:55]} {[%emt 00:00:56]} 23. Rxe5+ {[%clk 00:39:23]} {[%emt
00:03:32]} Kf7 {[%clk 00:49:04]} {[%emt 00:02:21]} 24. Nxh5 {[%clk 00:39:47]}
{[%emt 00:00:06]} b6 {[%clk 00:44:41]} {[%emt 00:04:54]} 25. Rxf5+ {[%clk
00:37:10]} {[%emt 00:03:07]} Ke7 {[%clk 00:43:32]} {[%emt 00:01:39]} 26. Nd4
{[%clk 00:35:17]} {[%emt 00:02:23]} c5 {[%clk 00:43:15]} {[%emt 00:00:47]} 27.
Re5+ {[%clk 00:35:01]} {[%emt 00:00:46]} Kf8 {[%clk 00:42:03]} {[%emt
00:01:42]} 28. Nc6 {[%clk 00:25:56]} {[%emt 00:09:34]} Rg6 {[%clk 00:41:08]}
{[%emt 00:01:25]} 29. Rf5+ {[%clk 00:26:16]} {[%emt 00:00:10]} Ke8 {[%clk
00:41:30]} {[%emt 00:00:08]} 30. Rf6 {[%clk 00:25:35]} {[%emt 00:01:11]} Rg5
{[%clk 00:40:33]} {[%emt 00:01:27]} 31. axb6 {[%clk 00:22:46]} {[%emt
00:03:19]}  1-0